[Event "Oslo"]
[Site "Oslo"]
[Date "1992.??.??"]
[Round "4"]
[White "Gausel, Einar"]
[Black "Rozentalis, Eduardas"]
[Result "0-1"]
[WhiteElo "2445"]
[BlackElo "2585"]
[Annotator "Schussler,H"]
[PlyCount "80"]
[EventDate "1992.04.??"]
[EventType "tourn"]
[EventRounds "9"]
[EventCountry "NOR"]
[EventCategory "9"]
[SourceTitle "CBM 030"]
[Source "ChessBase"]
[SourceDate "1992.10.01"]
[SourceVersion "1"]
[SourceVersionDate "1992.10.01"]
[SourceQuality "1"]

1. d4 Nf6 2. c4 e6 3. Nf3 b6 4. a3 Bb7 5. Nc3 d5 6. cxd5 (6. Qa4+ Qd7 (6... c6
7. cxd5 Nxd5 $6 8. Bd2 Nd7 9. e4 $14 {Gelfand,B-Kortschnoj,V, Wijk 1992. CBM
28 game 856.}) 7. Qc2 $6 dxc4 8. e4 b5 9. Bf4 a6 10. O-O-O Be7 11. g4 Bd6 $1
12. Bg5 h6 13. Bh4 {New but not fantastic.} (13. Bxf6 gxf6 14. d5 e5 15. Nh4
Qxg4 16. Nf5 Bc8 17. Ne3 Qf4 $15 {Piket,J-Sax,G, Wijk 1992. CBM 28 game 891.})
13... Bf4+ $17 14. Kb1 Qe7 {Greenfeld,A-Kortschnoj,V, Beersheva 1992. CBM 30
game 191.}) 6... exd5 7. Qa4+ c6 8. Bg5 Be7 9. e3 O-O 10. Bd3 Nbd7 (10... c5
11. Rd1 Nbd7 $6 12. Ne5 $1 $14 Nxe5 13. dxe5 Nh5 {13. - Nd7? 14.Qh4 + - .} 14.
Ba6 $1 Bxa6 15. Rxd5 Qe8 16. Bxe7 $14 {Khalifman,A-Hübner,R, Munich 1992. CBM
30 game 473.}) 11. Ne5 Qc7 12. Nxd7 (12. f4 $5 Nxe5 13. fxe5 Ng4 14. Bf4 f6 15.
h3 $5 Nf2 $5 16. Kxf2 fxe5 17. dxe5 g5 18. Kg3 gxf4+ 19. exf4 c5 20. Qc2 c4 21.
Bxh7+ Kh8 $13 {Greenfeld,A-Rozentalis,E, Oslo 1992. CBM 30 game 822.}) 12...
Qxd7 13. O-O Rfe8 14. Rac1 Qg4 $1 15. Bf4 c5 $10 16. Be5 c4 17. Be2 Qe6 18. f4
Bc6 19. Qc2 b5 20. Rf3 a5 21. Rh3 h6 22. Rg3 b4 23. Nb1 Bf8 24. f5 Qe7 25. Rf1
Qd8 26. Nd2 Bd6 27. Nf3 Rc8 28. axb4 axb4 29. Qc1 Kf8 30. Qe1 b3 31. Kh1 Ra8
32. Rxg7 $2 Kxg7 33. Qg3+ Kh7 34. Qh4 Ne4 35. Qh5 Ra7 $19 36. g4 Rg8 37. f6 Rg6
38. g5 Nxg5 39. Nh4 Bxe5 40. dxe5 d4+ 0-1

[Event "Moscow Aeroflot op"]
[Site "Moscow"]
[Date "2002.02.09"]
[Round "7"]
[White "Shabalov, Alexander"]
[Black "Yemelin, Vasily"]
[Result "1-0"]
[WhiteElo "2606"]
[BlackElo "2522"]
[Annotator "Shabalov,A"]
[PlyCount "79"]
[EventDate "2002.02.04"]
[EventType "swiss"]
[EventRounds "9"]
[EventCountry "RUS"]
[SourceTitle "CBM 088"]
[Source "ChessBase"]
[SourceDate "2002.03.21"]
[SourceVersion "1"]
[SourceVersionDate "2002.03.21"]
[SourceQuality "1"]

1. d4 Nf6 2. c4 e6 3. Nf3 b6 4. Nc3 Bb4 5. Qb3 c5 6. a3 Ba5 7. Bg5 Bb7 8. e3
Qe7 $6 {An unfortunate novelty that did cost Vassily a wonderfully played
tournament. Probably nobody should try to play this line with black unless his
name is Michael Adams.} (8... O-O 9. Rd1 d5 10. Be2 Nbd7 11. O-O cxd4 12. Nb5
h6 13. Bh4 Nc5 14. Qc2 d3 15. Bxd3 Nxd3 16. Rxd3 a6 17. cxd5 axb5 18. dxe6 Qe8
19. Bxf6 fxe6 20. Be5 Be4 21. Rd7 Bxc2 22. Rxg7+ Kh8 {1/2-1/2 Bareev,E-Adams,M/
Wijk aan Zee 2002.}) 9. Be2 d6 10. dxc5 dxc5 ({Knowing what happened in the
game it's easy to say that} 10... bxc5 $14 {was more bearable.}) 11. O-O-O Nbd7
12. Nb5 $1 {Suddenly it occurs that white has a vicious attack.} O-O 13. Nd6
Bc6 14. e4 $1 e5 ({Including} 14... h6 15. Bh4 {would create an object to
attack: h6 pawn} e5 16. Nf5 Qe8 17. g4 Kh8 18. Rhg1 $40) 15. Nf5 Qe8 16. Bh6 $1
{It's not easy to see this move while playing 10...dc5. Black is losing
material as 16...gh6 is bad in view of 17.Nd4!} g6 (16... Nh5 17. Qe3 $18) 17.
Nd6 Qe7 18. Bxf8 Rxf8 ({Black is getting back an exchange but remains totally
lost after} 18... Nxf8 19. Ng5 Ng4 20. Ngxf7 Nxf2 21. Qg3 Nxh1 22. Rxh1) 19.
Qc2 (19. Qd3 {was more precise.}) 19... Nh5 (19... Nb8 $5) 20. g3 Ndf6 21. Ng5
h6 22. Bxh5 Nxh5 23. Nf3 Nf6 24. Nh4 $1 {Finally white manages to break
through by sacrificing the knight. Bishop on a5 remains a "shadow of a piece".}
Rd8 25. Ndf5 gxf5 26. Nxf5 Rxd1+ 27. Rxd1 Qf8 28. f3 Bd7 29. g4 Bxf5 30. exf5
$5 {Aimed on black's time trouble.} ({White must be winning in the endgame
after} 30. gxf5) 30... Qg7 $2 ({Missing their last chance} 30... e4 $1) 31. h4
$1 e4 32. g5 hxg5 33. fxe4 gxh4 34. e5 Ng4 35. Rd8+ Kh7 36. f6+ Qg6 37. e6 $3 {
White gets a new queen.} b5 38. Qxg6+ fxg6 39. e7 Nxf6 40. Rf8 1-0

[Event "Bermuda-A"]
[Site "Bermuda"]
[Date "2003.02.02"]
[Round "8"]
[White "Shabalov, Alexander"]
[Black "Macieja, Bartlomiej"]
[Result "1/2-1/2"]
[WhiteElo "2613"]
[BlackElo "2629"]
[Annotator "Shabalov,A"]
[PlyCount "171"]
[EventDate "2003.01.25"]
[EventType "tourn"]
[EventRounds "11"]
[EventCountry "BER"]
[EventCategory "15"]
[SourceTitle "CBM 094"]
[Source "ChessBase"]
[SourceDate "2003.05.26"]
[SourceVersion "1"]
[SourceVersionDate "2003.05.26"]
[SourceQuality "1"]

1. d4 Nf6 2. c4 e6 3. Nf3 b6 4. Nc3 Bb7 5. a3 d5 6. Bg5 Be7 7. Bxf6 Bxf6 8.
cxd5 exd5 9. Qb3 {This setup was popularized at different times by Piket,
Krasenkow and Rjazantzev. The main difference from immediate 9.g3 is that
white does not allow Qe7-Rd8 defensive formation for black.} (9. g3 O-O 10. Bg2
Qe7 11. O-O Rd8 12. b4 c5 13. bxc5 bxc5 14. e3 Nd7 {0-1 Sokolov,I-Stefansson,H/
Reykjavik 1994(45)}) 9... O-O 10. Rd1 Re8 $1 {White has an easy life if black
doesn't go for an immediate c7-c5 break in the center.} (10... a6 11. g3 Qd6
12. Bg2 Nd7 13. O-O Rab8 14. h4 b5 15. Nh2 c5 16. Bxd5 Bxd5 17. Qxd5 Qxd5 18.
Nxd5 Bxd4 19. Ne7+ Kh8 20. e3 Bxb2 21. Rxd7 c4 22. Nf3 Bxa3 23. Nc6 Rbc8 24.
Ncd4 Bb2 25. Rb1 c3 26. Ne1 {!$18 1-0 Shabalov,A-Dao Thien,H/Quingdao 2002 (41)
.}) (10... Na6 11. g3 c5 12. Bg2 Qd6 13. O-O Rad8 14. e3 Rfe8 15. Rd2 c4 16.
Qa4 Qd7 17. Qxd7 Rxd7 18. Rfd1 Nc7 19. Ne5 Bxe5 20. dxe5 Rxe5 21. e4 f6 22. a4
a6 23. exd5 Rd6 24. Rd4 b5 25. axb5 axb5 26. Ra1 $16 {1/2-1/2 Shabalov,
A-Goldin,A/Foxwoods 2002 (74).}) 11. g3 {White can opt for a safer 11.e3, but
then why to play this variation at all?} (11. e3 Re7 12. Be2 c6 13. O-O Na6 14.
Rfe1 Nc7 15. Bf1 g6 {Piket,J-Petursson,M/Munchen/1989/}) 11... c5 12. Bg2 (12.
dxc5 $2 d4 13. Bg2 Nd7) 12... Nc6 13. dxc5 {Another option here is} (13. Nxd5 {
when black has 3 answers,all of them seems quite adequate} Nxd4 (13... Bxd4 14.
Qa2 Ba6 15. e3 Qd6 16. Bf1 Bb7 17. Bg2 Ba6 18. Bf1 Bc8 19. Bg2 Ba6 (19... Be6
20. Ng5 Rad8 21. Nxe6 Qxe6 22. O-O Be5 23. Rd2 {=}) 20. Bf1 {1/2-1/2
Riazantsev,A-Timoshenko,G/Bastia (rapid) 2001(20).}) (13... Na5 14. Nxf6+ Qxf6
15. Qd3 Be4) 14. Nxd4 Bxd4 15. e3 $13 (15. O-O {Dolmatov} Re5 {=}) 15... Re5 (
15... Ba6 16. Nc3 Rc8 17. Qa4 $16) 16. Nf4 Bxg2 17. Nxg2 Qe7 18. O-O c4 19. Qc2
Bc5 20. Qxc4 $16) 13... Ba6 (13... Na5 14. Qb5 $13) 14. e3 {I was relying on
this computer move, trying to improve on previous games} (14. O-O Bc4 (14...
Bxc3 {?} 15. Rxd5) 15. Qc2 (15. Qa4 Bxc3 16. Qxc6 (16. bxc3 {?} b5 17. Qa6 (17.
Qc2 Bxe2 18. Nd4 Bxd1 19. Rxd1 Nxd4 20. cxd4 Qd7 21. c6 Qd6 22. Qb3 Red8 23.
Rc1 Rac8 24. Qxb5 Qxa3 25. Qc5 Qxc5 26. Rxc5 Rd6 27. Bxd5 Kf8 28. Kf1 Ke7 29.
Ke2 Rxd5 30. Rxd5 Rxc6 31. Ra5 a6 32. Kd3 Kd7 33. h4 Kc7 34. d5 Rf6 35. Ra2 Rb6
36. Kc4 Kd7 {1/2-1/2 Yanvarjov,I-Roschina,T/Moscow 1996(36).}) 17... Re6) 16...
Bxb2 17. cxb6 axb6 $17) 15... Bxc3 (15... bxc5 $2 16. b3 $1 Bxc3 17. bxc4 d4
18. Ng5 $1) 16. Qxc3 Bxe2 (16... bxc5 17. Rfe1 Bxe2 18. Rc1 $13 Bxf3 19. Qxf3)
17. cxb6 Qxb6 (17... Bxd1 $1 18. b7 Rb8 19. Qxc6 (19. Rxd1 Ne7) 19... Re6 20.
Nd4 Rxc6 21. Nxc6 Qc7 22. Nxb8 Bb3 (22... Be2 23. Re1 Bb5 24. Na6 Qxb7 25. Nb4
$11) 23. Nd7 Qxb7 24. Nc5 Qb5 25. Nxb3 Qxb3 $15) 18. Rxd5 Bxf1 19. Bxf1 Rac8
$13 {1/2-1/2 Krasenkow,M-Wojtkiewicz,A/Polanica Zdroj 1995/CBM 49/[Krasenkow] 
(31).}) 14... bxc5 {Two other moves here are} (14... Bc4 15. Qc2 bxc5 16. Nd2
Nd4 17. Qb1) (14... d4 15. Qa4 Qc8 16. Nd5) 15. Nxd5 Qa5+ 16. Rd2 Rab8 17. Qc2
$6 {White is worse after this one. He had to liquidate into a slightly better
endgame after} (17. Nxf6+ gxf6 18. Qc3 Qxc3 19. bxc3 Na5 (19... Rb3 {!?}) (
19... Rb1+ 20. Rd1 Rb2 21. Bf1) 20. Rd7 Rb1+ 21. Rd1 Rxd1+ 22. Kxd1 Nc4 23. Kc1
) 17... Nd4 {Even better was} (17... Bxb2 18. Ng5 g6 19. Ne4 Red8 $15 {and
white still has to complete his development somehow}) 18. Nxd4 Bxd4 19. b3 Qxa3
20. Bf1 Bb7 (20... Qa1+ 21. Rd1 Qa5+ 22. Qd2 Qxd2+ 23. Kxd2 Bxf1 24. Rhxf1 Rbd8
25. exd4 Rxd5 26. Rfe1 Red8 27. Ra1 Rxd4+ 28. Kc3 $15) 21. Bc4 Rbd8 22. O-O
Bxd5 23. exd4 Bxc4 24. Qxc4 Re4 $4 {For some reason Bartek left himself just
two minutes at this point and instead of making a draw with 24...cxd4 misses
simple tactics and ends up without a pawn in a technical ending.} 25. dxc5 Rxd2
26. Qxe4 Qxc5 27. Qa8+ Qf8 28. Qxa7 g6 {It was a miracle that black managed to
make all the moves before time control without even letting b pawn move.} 29.
Rc1 Rd8 30. Qc7 Rb8 31. Rc3 Qe8 32. Re3 Qb5 33. h4 h5 34. Rf3 Rb7 35. Qc8+ Kg7
36. Qc3+ Kg8 37. Re3 Kh7 38. Kh2 Qf5 39. Rf3 Qd5 40. Rd3 Qf5 41. Kg1 Rb8 42.
Re3 Qb5 43. Qd4 Qb7 44. Qc4 Kg8 45. Kh2 Kg7 46. Qd4+ Kh7 47. Qf6 Kg8 48. Rd3
Rf8 49. Qf4 Re8 50. Re3 Rd8 51. Qf6 Rb8 52. Rd3 Rf8 53. Qc3 Rc8 54. Qd2 Qb6 55.
b4 Rb8 56. Rd4 Kg7 57. Rf4 Rb7 58. Qd5 Kg8 59. Kg2 Kf8 60. Rc4 Kg7 61. Rc6 Qxb4
62. Qe5+ Kh7 63. Rc8 f6 64. Qe8 $2 {White is missing a simple defence from
what they thought was undeniable mate threat. A simple win was still there} (
64. Qxf6 Rg7 65. Qd8 Kh6 66. Kh2 Qe7 67. Qh8+ Rh7 68. Qd4 Rg7 69. Rh8+ Rh7 70.
Qf4+ Kg7 71. Rc8) 64... Kh6 65. Qh8+ Rh7 66. Qxf6 Qb7+ 67. Rc6 Rg7 68. Kg1 Kh7
69. Re6 Qd7 70. Qe5 Qd1+ 71. Kg2 Rd7 72. Qf6 Qd5+ 73. Kg1 Qf5 74. Qxf5 gxf5 75.
Kg2 Kg7 76. Kf3 Rd4 77. Ke3 Ra4 78. Rd6 Re4+ 79. Kd3 Ra4 80. Re6 Rb4 81. Rc6 f4
82. Rc4 Rxc4 83. Kxc4 fxg3 84. fxg3 Kf6 85. Kd4 Kf5 86. Ke3 1/2-1/2

[Event "Moscow-ch op"]
[Site "Moscow"]
[Date "1995.??.??"]
[Round "10"]
[White "Notkin, Maksim"]
[Black "Mitenkov, Alexey"]
[Result "0-1"]
[WhiteElo "2520"]
[BlackElo "2430"]
[Annotator "Shipov,S"]
[PlyCount "128"]
[EventDate "1995.??.??"]
[EventType "swiss"]
[EventRounds "11"]
[EventCountry "RUS"]
[SourceTitle "EXT 1997"]
[Source "ChessBase"]
[SourceDate "1996.11.15"]
[SourceVersion "1"]
[SourceVersionDate "1996.11.15"]
[SourceQuality "1"]

1. d4 Nf6 2. c4 e6 3. Nf3 b6 4. a3 Bb7 5. Nc3 d5 6. cxd5 Nxd5 7. Qc2 Be7 8. e4
Nxc3 9. bxc3 O-O 10. Bd3 c5 11. O-O Qc8 12. Qe2 Ba6 (12... cxd4 13. cxd4 Ba6
14. Bf4 Bxd3 15. Qxd3 Qa6 16. Qe3 Nd7 17. h4 (17. Ne5 Nxe5 18. Bxe5 Rfd8 19.
Rfd1 Bd6 $1 $10 {Vyzmanavin,A-Gurevich,M/URS/1987/0,5/20/}) 17... Rac8 (17...
Nf6 $1 $132) 18. h5 $1 h6 19. e5 b5 20. Nh2 $1 $14 {-> Zlatilov,I-Brglez,R/
Ptuj/1991/1:0/38/}) 13. Bf4 Bxd3 14. Qxd3 Qa6 (14... Nd7) 15. Qe3 (15. Qxa6
Nxa6 16. d5 $1 exd5 17. exd5 Bf6 (17... c4 $5) 18. Be5 Bxe5 19. Nxe5 Rad8 20.
c4 f6 21. Nc6 Rd7 22. Rfe1 $14 {Gruenberg,H-Brunner,L/GER/1992/0,5/61/}) 15...
Nd7 16. Rfd1 (16. h4 $5) 16... cxd4 (16... Qa4 $6 17. h4 cxd4 18. cxd4 Nf6 19.
Rd3 $14 {Sakaev,K-Alterman,B/URS/1988/}) 17. cxd4 Rac8 18. Rd3 (18. d5 exd5 19.
exd5 Rfe8 $1 20. Ra2 Qa4 $132) 18... b5 $1 {|^ >< a3/} 19. Rad1 Rc4 20. e5 $2 (
20. d5 $5 exd5 21. exd5 Bc5 22. Qd2 Bxa3 23. d6 $44) (20. h4 $5 Ra4 (20... Nf6
21. Ne5 Ra4 22. Bg5 $1 $40) 21. h5 Rxa3 (21... h6 $2 22. Bxh6 $1 $16) 22. h6
$44) 20... Nb6 (20... Ra4 $142 $1 21. Bg5 (21. Ng5 Rxa3 22. Qe4 Bxg5 23. Bxg5
Rxd3 24. Qxd3 Qb7 $17) (21. d5 exd5 22. Rxd5 Nb6 23. R5d3 Rxa3 $17) (21. Rc1
Nb6 $17) 21... Bxa3 22. d5 (22. Bf6 Rc8 23. Qg5 Bf8 $17) 22... Bc5 23. Qe1 (23.
Qe2 Ra2 $1) 23... Nb6 $1 24. d6 (24. dxe6 $2 fxe6 25. Rd8 Nd5 $19) 24... Nd7
$17) 21. Bg5 Nd5 22. Qe4 Qb7 (22... Qc6 $142 $15) 23. h4 Rfc8 24. Bd2 (24. Bxe7
$5 Qxe7 25. Ng5 g6 26. Qg4 h5 (26... Rc1 27. h5 $1 $40) 27. Qg3 $36 {/\ Ne4-d6/
}) 24... h6 25. Nh2 $1 Qd7 26. Ng4 f5 $8 27. exf6 Nxf6 28. Nxh6+ $1 gxh6 29.
Qg6+ Kh8 30. Bf4 (30. Rf3 Qe8 $1 (30... Rg8 $2 31. Qxh6+ Nh7 32. Rf7 $18) 31.
Rxf6 Qxg6 32. Rxg6 Bxa3 $132 {o^ b5/}) 30... Bd8 $1 31. Qxh6+ (31. Be5 $2 Qg7
32. Rg3 Qxg6 33. Rxg6 Kh7 $1 $17) 31... Qh7 32. Qf8+ Qg8 33. Qh6+ Qh7 $10 34.
Qg5 Qf5 35. Be5 $2 (35. Qh6+ Qh7 (35... Nh7 $2 36. Be5+ Bf6 37. Rf3 $18) 36.
Qf8+ $10) 35... Kh7 36. Rf3 Qxg5 37. hxg5 Rc1 $1 $17 38. gxf6 $5 Rxd1+ 39. Kh2
Rdc1 40. Rh3+ Kg6 41. Rg3+ Kf5 (41... Kf7 $2 42. Rg7+ Ke8 43. g4 $36) 42. f7
Be7 43. Rg8 Ke4 (43... Rf8 $5 44. f3 Rc2 $8 45. Kh3 Rxg2 $8 46. Kxg2 Bxa3 $17)
44. Re8 Bxa3 45. Rxe6 Kd5 46. Ra6 Bf8 47. Rxa7 Ke6 48. Rb7 b4 49. f4 Kf5 50.
Rb5 Kg6 51. Rb7 b3 52. Kh3 b2 53. Rxb2 Kxf7 54. f5 Re8 55. g4 Bh6 56. Rb7+ Re7
57. Rb6 Bg5 58. Rg6 Rc3+ 59. Kg2 Be3 60. g5 Rd3 61. Bf6 Re4 $19 62. Rg7+ Kf8
63. Kf3 Rf4+ 64. Ke2 Rc3 0-1

[Event "Match/Team URS-World 20,5-19,5"]
[Site "Belgrade"]
[Date "1970.04.02"]
[Round "3.1"]
[White "Spassky, Boris Vasilievich"]
[Black "Larsen, Bent"]
[Result "0-1"]
[WhiteElo "2670"]
[BlackElo "2650"]
[Annotator "Spassky/Larsen"]
[PlyCount "76"]
[EventDate "1970.03.29"]
[EventType "team"]
[EventRounds "4"]
[EventCountry "YUG"]
[SourceTitle "MCL"]
[Source "ChessBase"]
[SourceDate "1999.07.01"]
[SourceVersion "1"]
[SourceVersionDate "1999.07.01"]
[SourceQuality "1"]
[WhiteTeam "Soviet Union"]
[BlackTeam "World"]
[WhiteTeamCountry "URS"]
[TimeControl "40/9000:16/5400:0"]

1. d4 Nf6 2. c4 e6 3. Nf3 b6 4. Nc3 Bb7 5. Bg5 Be7 6. e3 O-O (6... Ne4 {
Spassky=:S}) 7. Bd3 c5 8. O-O Nc6 $2 {S/ ?! Larsen=:L} (8... cxd4 9. exd4 d5 {S
}) (8... h6 9. Bh4 Nc6 {L}) (8... d5 9. Qe2 Nc6 10. Rad1 cxd4 11. exd4 Nb4 12.
Bb1 dxc4 13. Ne5 Nbd5 14. Rfe1 Rc8 15. Qf3 Nxc3 16. Qxc3 Nd5 17. Qh3 f5 18. Bc1
Bg5 19. Qg3 Bxc1 20. Rxc1 Rf6 21. Qh4 b5 22. a4 a6 23. axb5 axb5 24. Bc2 Nb4
25. Re3 Nxc2 26. Rxc2 Rh6 27. Qxd8+ Rxd8 28. Rd2 Rh4 29. g4 fxg4 30. Ra3 Rh5
31. Re3 Rf5 32. Nxg4 Ra8 33. Kf1 Rf4 34. h3 Ra1+ 35. Ke2 h5 36. Ne5 Bg2 37. f3
Bxh3 38. Rc3 {Janowski,D-Yates,F Semmering 1926 1/2-1/2 (72)}) 9. d5 Nb4 (9...
exd5 10. cxd5 Nxd5 11. Bxh7+ $16 {L}) 10. d6 Bxd6 11. Bxh7+ (11. Bxf6 gxf6 (
11... Qxf6 $4 12. Be4 $18) 12. Bxh7+ Kxh7 13. Qxd6 $142 $16 {L}) 11... Kxh7 12.
Qxd6 Bxf3 13. gxf3 Ne8 $1 {S} 14. Qe7 $1 {S/L} (14. Qg3 f6 $13) (14. Qxf8 Qxg5+
15. Kh1 Qh5 16. Rg1 Qxf3+ 17. Rg2 g6 $13 {L}) (14. Bxd8 Nxd6 15. Be7 Nxc4 16.
Bxf8 Rxf8 $44 {S}) 14... Qxe7 15. Bxe7 Rg8 (15... Rh8 {P g8 S}) 16. Rfd1 Nc6
17. Rxd7 Ne5 18. Rb7 Nxc4 19. Ne4 $1 {S/L} Na5 (19... Nxb2 20. Bxc5 {S} (20.
Ng5+ Kg6 21. Kh1 $40 {L})) 20. Rd7 Nc6 21. f4 Rc8 22. Rc1 (22. Rad1 Rc7 23. Bh4
{S}) 22... a5 (22... Rc7 23. Rxc7 Nxc7 24. Bxc5 {S/L}) (22... Nxe7 23. Rxe7 Rc7
24. Rxc7 Nxc7 25. b4 {S/L}) 23. a3 Kg6 $6 {L} (23... Nxe7 24. Rxe7 Rc7 {L}) 24.
Kg2 Rh8 (24... Nxe7 $142 {L}) 25. Kf3 (25. Rg1 Nxe7 26. Kf3+ Kh6 27. Rxe7 Rc7
28. Rxc7 Nxc7 29. Nd6 Rf8 30. Nc4 Rb8 31. Rd1 {S}) 25... Rxh2 26. Ng5 (26. Bf8
Kh7 27. Rxf7 Kg8 28. Ng5 Nd8 $1 {S}) 26... e5 $1 {S} 27. Rg1 exf4 28. Bd6 $1 {S
} Nxd6 29. Rxd6+ f6 30. Ne6+ Kf5 (30... Kh7 {S}) 31. Nxf4 {P 32.e4 e5 33. d5# S
} (31. Nxg7+ Ke5 32. Re6+ (32. Rgd1 $2 Nd4+ $1) 32... Kd5 $15 {L} 33. Rd1+ Kc4
34. Nf5 Kb3 {S}) 31... Ne5+ 32. Ke2 Re8 $1 {S ? L} (32... g5 $4 33. Nd5 $16 {
S/L}) (32... Nc4 $1 $10 33. Rd5+ Ke4 34. Rxg7 Nxe3 (34... Re8) 35. Re7+ {L})
33. Rxb6 (33. Ne6 $1 {L} Rxe6 (33... Nc4 34. Nxg7+ Ke5 35. Nxe8 Nxd6 $14 {L})
34. e4+ Kxe4 35. Rxe6 {S}) 33... Nc4 {P e3 S} 34. Rb3 g5 35. Nd5 Re5 36. Rd1 (
36. Rc1 Nd6 {L}) 36... g4 37. Kf1 $4 {S/L} (37. Nb6 Nxb6 $10 (37... a4 $1 38.
Nxc4 (38. Nxa4 g3 39. Kf3 (39. Rf1 Nd6 40. Nc3 Kg4) 39... g2 40. Rbd3 Re4)
38... axb3 39. Nxe5 fxe5 $19 {P g3, c3 L})) 37... Rh1+ 38. Ke2 Rxd1 0-1

[Event "Lee Cup 4th"]
[Site "Beijing"]
[Date "1997.??.??"]
[Round "1"]
[White "Speelman, Jonathan S"]
[Black "Yu, Shaoteng"]
[Result "1-0"]
[WhiteElo "2630"]
[BlackElo "2400"]
[Annotator "Speelman,J"]
[PlyCount "121"]
[EventDate "1997.08.23"]
[EventType "swiss"]
[EventRounds "11"]
[EventCountry "CHN"]
[SourceTitle "CBM 061"]
[Source "ChessBase"]
[SourceDate "1997.11.23"]
[SourceVersion "1"]
[SourceVersionDate "1997.11.23"]
[SourceQuality "1"]

1. Nf3 Nf6 2. c4 b6 3. Nc3 Bb7 4. d4 e6 5. a3 d5 6. Bg5 Be7 7. Qa4+ c6 8. Bxf6
Bxf6 9. cxd5 exd5 10. g3 O-O 11. Bg2 c5 12. Rd1 Nd7 13. O-O Qc7 $5 (13... Qe7)
14. Qc2 (14. Qb3 Qd6 (14... c4 15. Qc2 {xd5})) (14. Rfe1 $5 cxd4 15. Nxd4 Nc5
16. Qc2 Bxd4 17. Rxd4 Ne4) 14... Rfd8 15. Qf5 Nf8 16. e3 (16. dxc5 Bxc3 17.
cxb6 axb6 18. Rc1 d4 $1) 16... Qd7 17. Qb1 $5 Rac8 18. Rfe1 a6 (18... Ne6) 19.
h4 (19. dxc5 bxc5 $1 20. Nxd5 Bxd5 21. e4 Bxe4 $1 22. Rxd7 Bxb1 23. Rxd8 Rxd8
24. Rxb1 $15) 19... Qg4 $6 20. Nh2 Qg6 (20... Qe6 21. Bf3) 21. Qxg6 hxg6 22.
Ng4 c4 23. Nxf6+ gxf6 24. a4 $1 Bc6 $2 25. Rb1 (25. b3 cxb3 26. Rb1) 25... f5
26. b3 cxb3 27. Rxb3 Ba8 $8 28. Reb1 Rd6 $8 29. Bf1 a5 30. Nb5 Rdd8 31. Rc3
Rxc3 32. Nxc3 Rc8 $1 33. Rb3 Nd7 34. Bg2 Rc4 $1 35. Nxd5 Bxd5 (35... Rxa4 36.
Nxb6 Ra1+ 37. Kh2 Bxg2 38. Kxg2 Nf6 $1 39. Nc4 Rc1 $1 40. Ne5 (40. Nxa5 Rc2)
40... Rc2 41. Rb8+ Kg7 42. Rb7 Ne4 43. Rxf7+ Kg8 $1 (43... Kh6 $2 44. g4 $1)
44. Ra7 Rxf2+) 36. Bxd5 Rxa4 37. Bc6 Ra1+ 38. Kg2 Nf6 39. Rxb6 Ra2 40. Bf3 Kg7
41. Rb5 Ng4 $4 (41... a4 42. Ra5 a3 43. Ra6 Ra1 (43... Ng4 44. Bxg4 fxg4 $14) (
43... Ne4 44. Bxe4 fxe4 45. g4) 44. Be2 Ra2 45. Bc4 Rc2 46. Bb3 Rb2 47. Rxa3
Ng4) 42. Bxg4 fxg4 43. Rg5 $1 a4 (43... f5 44. h5 Kh6 45. hxg6 $1 $18) (43...
Ra1 44. Rxg4 f5 45. Rf4 Rb1 46. d5 Rb4 47. d6 Kf6 (47... Kf7 48. h5 Rxf4 49.
hxg6+) 48. d7 Ke7 49. h5 $1 Rxf4 50. h6 $3 Rb4 51. d8=Q+ Kxd8 52. h7) (43... f6
44. Rxg4 f5 45. Rf4 Rb2 46. d5 Rb4 47. d6 $1 {transposes}) 44. Rxg4 f5 45. Rf4
a3 (45... Kf6 46. d5 Ke5 47. Rd4 Kd6 48. g4) 46. d5 Rd2 47. Ra4 a2 48. Ra7+ Kf6
49. d6 Ke6 50. d7 Ke7 51. Kf3 Rb2 (51... Rc2 $5 {so that the tempi are
different later.}) 52. e4 fxe4+ 53. Ke3 Rc2 54. g4 Rb2 55. g5 (55. Kxe4 Rxf2
56. Ke5 Re2+ 57. Kf4 Rf2+ 58. Kg5 Rg2 $1 59. h5 gxh5 60. Kxh5 Rd2 61. Kg6 Rg2 (
61... Rxd7 62. Rxa2 Rd6+ 63. Kg7 Rd5 64. Re2+ $18) 62. g5 Rh2 63. Kg7 Rg2 64.
g6 Rd2 65. Kg8 Rg2 66. g7 Rh2 67. Ra8 Rd2 (67... Kxd7 68. Kf7 Rf2+ 69. Kg6 Rg2+
70. Kf6 Rf2+ 71. Ke5 Re2+ 72. Kf4 Rg2 73. Rxa2 Rg1 74. Ra8) 68. Kh7 Rh2+ 69.
Kg6 Rg2+ 70. Kf5 Kxd7 71. Rxa2 $18) 55... Rc2 56. h5 gxh5 (56... Rc5 57. h6 (
57. Kf4 gxh5 58. g6 Rd5 (58... Rc6 59. Kg5 Rc7 60. Rxa2 Rxd7 61. Kh6 $18) 59.
g7) 57... Rxg5 58. Rxa2 Rh5 59. Ra8 Kxd7 60. h7) 57. g6 Rc7 (57... Rc6 58. g7
Rg6 59. Rxa2 Rxg7 (59... Kxd7 60. Ra8 $1) 60. Ra8 $1) (57... Rc3+ 58. Kxe4 Rc6
59. Kf5 $1 (59. g7 $2 Rg6 60. Rxa2 Rxg7 61. Ra8 Rg4+ $1 $11) 59... Rf6+ 60. Kg5
Rxf2 61. g7 Rg2+ 62. Kh6 h4 63. Rxa2 $18) 58. g7 $1 Rxa7 59. g8=Q Ra3+ 60. Ke2
Kxd7 61. Qd5+ (61. Qd5+ Ke8 62. Qe6+ Kf8 63. Qd6+) 1-0